The law relating to public service / (Record no. 134527)

MARC details
000 -LEADER
fixed length control field 00669nam a22002297a 4500
005 - DATE AND TIME OF LATEST TRANSACTION
control field 20170124110227.0
010 ## - LIBRARY OF CONGRESS CONTROL NUMBER
LC control number A-950252
020 ## - INTERNATIONAL STANDARD BOOK NUMBER
Terms of availability 260.00
International Standard Book Number 8171770959
035 ## - SYSTEM CONTROL NUMBER
System control number A-950252
037 ## - SOURCE OF ACQUISITION
Source of stock number/acquisition Cen Lib/Ret
040 ## - CATALOGING SOURCE
Original cataloging agency DPL
Language of cataloging EN
082 ## - DEWEY DECIMAL CLASSIFICATION NUMBER
Classification number 342.068
Item number PAL
100 ## - MAIN ENTRY--PERSONAL NAME
Personal name Pal, Samaraditya
9 (RLIN) 40987
245 ## - TITLE STATEMENT
Title The law relating to public service /
Statement of responsibility, etc by Samaraditya Pal
260 ## - PUBLICATION, DISTRIBUTION, ETC. (IMPRINT)
Place of publication, distribution, etc Calcutta
Name of publisher, distributor, etc Eastern law house
Date of publication, distribution, etc 1998
270 ## - ADDRESS
City Calcutta
Address 54 Ganesh Chunder avenue
Postal code 700013
300 ## - PHYSICAL DESCRIPTION
Extent 819p.
Dimensions 23cm(Hb)
500 ## - GENERAL NOTE
General note Includes index
650 ## - SUBJECT ADDED ENTRY--TOPICAL TERM
Topical term or geographic name as entry element Law
9 (RLIN) 104
650 ## - SUBJECT ADDED ENTRY--TOPICAL TERM
Topical term or geographic name as entry element Public service law
9 (RLIN) 40988
942 ## - ADDED ENTRY ELEMENTS (KOHA)
Source of classification or shelving scheme Dewey Decimal Classification
Koha item type English Books
Classification part 342.068
Call number suffix PAL
Holdings
Withdrawn status Lost status Damaged status Not for loan Collection code Home library Current library Date acquired Source of acquisition Cost, normal purchase price Total Checkouts Full call number Barcode Date last seen Copy number Cost, replacement price Price effective from Koha item type
      Not For Loan Reference Central Library Central Library 30/07/2015 Cen Lib/Ret 260.00   342.068 PAL A-950252 30/07/2015 1 260.00 30/07/2015 English Books

© Delhi Public Library
Hit Counter
free hit counter